Análisis de situación del niño y la mujer

Uloženo v:
Podrobná bibliografie
Korporativní autor: UNICEF (Autor)
Médium: Kniha
Jazyk:španělština
Vydáno: Ciudad de Guatemala UNICEF 1991
Témata:
Tagy: Přidat tag
Žádné tagy, Buďte první, kdo vytvoří štítek k tomuto záznamu!

MARC

LEADER 00000nam a2200000 a 4500
001 UCT0810
003 CL-VaPUC
008 960906e19910000GT |||||||||||||||||spa|d
082 0 4 |a 305.2  |b UNI  |2 21 
110 2 |a UNICEF  |e author  |9 369311 
245 1 0 |a Análisis de situación del niño y la mujer 
300 |a 70 p 
942 |c BK 
945 |d 19960906 00:00:00  |a nastorga 
260 |a Ciudad de Guatemala  |b UNICEF  |c 1991 
650 7 |a CONDICIONES SOCIECONOMICAS  |2 CL-VaPUC  |9 369312 
650 0 |a Política  |9 255312 
650 7 |a PAIS  |2 CL-VaPUC  |9 369313 
650 0 |a Demografía   |9 260008 
650 0 |a Población  |9 257577 
650 7 |a FECUNDIDAD  |2 CL-VaPUC  |9 335136 
650 7 |a DISTRIBUCION DE LA POBLACION  |2 CL-VaPUC  |9 337513 
650 7 |a MORTALIDAD  |2 CL-VaPUC  |9 341601 
650 0 |a Economía   |9 255568 
650 7 |a OCUPACIONES  |2 CL-VaPUC  |9 340942 
650 0 |a Trabajo y empleo  |9 315054 
650 0 |a Salud  |9 258663 
650 0 |a Educación  |9 258661 
650 0 |a Vivienda  |9 258662 
650 7 |a INFANCIA  |2 CL-VaPUC  |9 369314 
650 0 |a Mujeres  |9 257649 
650 0 |a Nutrición   |9 259434 
650 0 |a Alfabetización   |9 310435 
650 0 |a Educación básica   |9 224933 
650 7 |a NIÑO MINUSVALIDOS  |2 CL-VaPUC  |9 369315 
650 0 |a Educación de adultos  |9 307580 
583 |a last modification  |c 19960906 00:00:00  |k Rodrigo Vera 
999 |c 251512  |d 251510 
952 |0 0  |1 0  |4 0  |6 305_200000000000000_UNI_1991  |7 0  |8 P  |9 270721  |a BIBEDU  |b BIBEDU  |c BIBEDU_PB  |d 2019-11-19  |i 3229203  |o 305.2 UNI 1991  |p 3229203  |r 2024-01-25  |w 2019-11-19  |y BK  |k EDU